[Event "AUTO-OPEN-3610"]
[Site "http://www.queenalice.com/game.php?id=1446851"]
[Date "2016.10.22"]
[Round "2"]
[White "Givanildo"]
[Black "carloswecker"]
[Result "0-1"]
[WhiteElo "1608"]
[BlackElo "2033"]

1. e3 e5 2. Qh5 Nc6 3. Bb5 Nf6 4. Qh3 d5 5. Bxc6+ bxc6 6. Qg3 g6 7. Qxe5+ Qe7 8.
Qxe7+ Kxe7 9. d4 Bg7 10. Ne2 Ba6 11. Nbc3 Rhe8 12. O-O Kf8 13. a4 Nd7 14. b4 Bc4
15. Re1 Rab8 16. b5 cxb5 17. axb5 Rb7 18. Ba3+ Kg8 19. f3 Rxe3 20. Nf4 Bxd4 21.
Kf2 Rxc3+ 22. Kg3 Be5 23. Bb4 Rxc2 24. Kg4 Bxf4 25. Kxf4 Bxb5 26. Re8+ Kg7 27.
Rae1 c5 28. Ba3 Nf6 29. Rd8 Rd7 30. Rc8 Rxg2 31. Bxc5 Nh5+ 32. Ke3 f6 33. Bf8+
Kf7 34. Bc5 Rc2 35. Rf8+ Kg7 36. Kd4 Rc4+ 37. Ke3 Rxc5 38. Rb8 Re7+ 39. Kf2 Rc2+
40. Kg1 Rxe1# 0-1

[Event "AUTO-OPEN-3610"]
[Site "http://www.queenalice.com/game.php?id=1446852"]
[Date "2016.10.22"]
[Round "2"]
[White "carloswecker"]
[Black "ApplePlayer"]
[Result "0-1"]
[WhiteElo "1937"]
[BlackElo "2217"]

1. d4 Nf6 2. c4 g6 3. Nc3 Bg7 4. Nf3 O-O 5. e4 d6 6. Be2 e5 7. O-O Nc6 8. Bg5
exd4 9. Nxd4 h6 10. Nxc6 bxc6 11. Be3 Re8 12. f3 Kh7 13. Qc2 Qe7 14. Bf2 Nh5 15.
Rad1 Nf4 16. Rfe1 Qg5 17. Bg3 Nxe2+ 18. Rxe2 f5 19. exf5 Bxf5 20. Ne4 Bxe4 21.
Rxe4 Rxe4 22. Qxe4 Bxb2 23. Qxc6 Bd4+ 24. Bf2 Bxf2+ 25. Kxf2 Qd8 0-1

[Event "AUTO-OPEN-3610"]
[Site "http://www.queenalice.com/game.php?id=1446853"]
[Date "2016.10.22"]
[Round "2"]
[White "ApplePlayer"]
[Black "carloswecker"]
[Result "1-0"]
[WhiteElo "2260"]
[BlackElo "2028"]

1. d4 d5 2. c4 e6 3. Nc3 Nf6 4. Bg5 Be7 5. e3 Nbd7 6. Nf3 O-O 7. Bd3 c5 8. O-O
a6 9. Rc1 cxd4 10. exd4 dxc4 11. Bxc4 b5 12. Bd3 Bb7 13. Ne5 Nxe5 14. dxe5 Nd7
15. Bxe7 Qxe7 16. f4 Rfd8 17. Qc2 Nf8 18. Be4 Rac8 19. Qf2 Bxe4 20. Nxe4 Rxc1
21. Rxc1 Qd7 22. Nd6 Ng6 23. Qb6 Nxf4 24. Rc7 1-0

[Event "AUTO-OPEN-3727"]
[Site "http://www.queenalice.com/game.php?id=1450172"]
[Date "2016.11.13"]
[Round "1"]
[White "maurice91"]
[Black "carloswecker"]
[Result "0-1"]
[WhiteElo "1838"]
[BlackElo "2018"]

1. d4 d5 2. Bf4 Nf6 3. Nf3 e6 4. e3 c5 5. c3 Nc6 6. Be2 Be7 7. h3 O-O 8. O-O
cxd4 9. cxd4 Qb6 10. b3 Bd7 11. Nbd2 Rac8 12. Rc1 Nb4 13. a3 Rxc1 14. Qxc1 Rc8
15. Qb1 Nc6 16. b4 a6 17. Rc1 Na7 18. Nb3 Rxc1+ 19. Qxc1 Qc6 20. Nc5 b6 21. Qf1
bxc5 22. dxc5 a5 23. Nd4 Qa4 24. b5 Bxc5 25. Be5 Bxd4 26. Bxd4 Bxb5 27. Bxb5
Nxb5 28. Be5 Ne4 29. Qc1 Qc4 30. Qb2 f6 31. Bh2 Qd3 32. Bb8 Nec3 33. Kh2 Qe2 34.
Qb3 Qc4 35. Qc2 Nxa3 36. Qd2 Nab1 37. Qc1 a4 38. Ba7 e5 39. f3 a3 40. e4 d4 0-1

[Event "AUTO-OPEN-3727"]
[Site "http://www.queenalice.com/game.php?id=1450173"]
[Date "2016.11.13"]
[Round "1"]
[White "carloswecker"]
[Black "maurice91"]
[Result "1-0"]
[WhiteElo "2027"]
[BlackElo "1816"]

1. d4 d5 2. c4 e6 3. Nc3 c6 4. e3 Nf6 5. Bd3 b6 6. Nf3 Bb7 7. O-O Be7 8. cxd5
cxd5 9. a3 Nbd7 10. b4 O-O 11. Bb2 a6 12. Nd2 e5 13. dxe5 Nxe5 14. Be2 Ng6 15.
Nf3 Qc7 16. Rc1 Qd6 17. h3 Rfd8 18. Nd4 Bc8 19. b5 a5 20. Nc6 Rd7 21. Nxe7+ Nxe7
22. Na4 Rb8 23. Qb3 Bb7 24. Rfd1 Qe6 25. Bd4 Nf5 26. Bxb6 Ba8 27. Bxa5 Ne4 28.
Nc5 Nxc5 29. Rxc5 Ne7 30. Bc7 Rc8 31. b6 Bb7 32. a4 Ra8 33. a5 Nc6 34. Qa3 d4
35. Bc4 Qg6 36. Bg3 Re8 37. a6 Ba8 38. b7 Bxb7 39. axb7 Rxb7 40. Bd3 Qf6 41. e4
Rd7 42. Rf5 Qg6 43. Rd5 Rxd5 44. exd5 Qf6 45. dxc6 Qxc6 46. Qc1 Qe6 47. Qf4 g6
48. Qc7 Qb3 49. Bc2 Qb4 50. Kh2 1-0

[Event "AUTO-OPEN-3727"]
[Site "http://www.queenalice.com/game.php?id=1450196"]
[Date "2016.11.13"]
[Round "1"]
[White "WeirdGoblin"]
[Black "carloswecker"]
[Result "1-0"]
[WhiteElo "2358"]
[BlackElo "2035"]

1. d4 d5 2. c4 e6 3. Nc3 Nf6 4. Bg5 Be7 5. Nf3 O-O 6. e3 c5 7. cxd5 Nxd5 8. Bxe7
Nxe7 9. Bd3 cxd4 10. Nxd4 a6 11. O-O Nbc6 12. Nxc6 Nxc6 13. Qc2 g6 14. a3 Bd7
15. Rfd1 Qe7 16. b4 Rac8 17. Qb2 Rfd8 18. Ne4 e5 19. Rac1 Bf5 20. Bb1 Rxd1+ 21.
Rxd1 Rd8 22. Qc1 Be6 23. h3 Bb3 24. Rxd8+ Qxd8 25. Nc5 1-0

[Event "AUTO-OPEN-3727"]
[Site "http://www.queenalice.com/game.php?id=1450197"]
[Date "2016.11.13"]
[Round "1"]
[White "carloswecker"]
[Black "WeirdGoblin"]
[Result "0-1"]
[WhiteElo "2032"]
[BlackElo "2373"]

1. d4 Nf6 2. c4 c5 3. d5 b5 4. cxb5 a6 5. e3 g6 6. Nc3 d6 7. Nf3 Bg7 8. Bc4 O-O
9. O-O Nbd7 10. bxa6 Bxa6 11. Bxa6 Rxa6 12. Qe2 Qa8 13. e4 h6 14. h3 Rb8 15. a3
Ne8 16. Qc2 Nc7 17. Bd2 Nb6 18. Rab1 Nc4 19. Ne1 Nxd2 20. Qxd2 Bxc3 21. Qxc3
Rxa3 22. Qd2 Kg7 23. Nd3 Rab3 0-1

[Event "AUTO-OPEN-3727"]
[Site "http://www.queenalice.com/game.php?id=1450210"]
[Date "2016.11.13"]
[Round "1"]
[White "Aspayne"]
[Black "carloswecker"]
[Result "1-0"]
[WhiteElo "2054"]
[BlackElo "2033"]

1. e4 e5 2. Nf3 Nc6 3. Nc3 Nf6 4. Be2 Be7 5. O-O O-O 6. d4 exd4 7. Nxd4 Nxd4 8.
Qxd4 d6 9. Be3 a6 10. Rad1 Qe8 11. Rfe1 Be6 12. Nd5 Nxd5 13. exd5 Bf5 14. Bd3
Bxd3 15. Rxd3 Qd7 16. Bh6 Bf6 17. Qxf6 gxf6 18. Rg3+ Kh8 19. Bg7+ 1-0

[Event "AUTO-OPEN-3727"]
[Site "http://www.queenalice.com/game.php?id=1450211"]
[Date "2016.11.13"]
[Round "1"]
[White "carloswecker"]
[Black "Aspayne"]
[Result "0-1"]
[WhiteElo "2049"]
[BlackElo "2038"]

1. d4 Nf6 2. c4 e5 3. dxe5 Ng4 4. Nf3 Nc6 5. e3 Ngxe5 6. Nbd2 d6 7. Be2 Be6 8.
Nxe5 Nxe5 9. O-O Be7 10. b3 O-O 11. Bb2 Bf6 12. Qc2 Qd7 13. Ne4 Bh4 14. Qc3 f5
15. Nc5 dxc5 16. Qxe5 Bf6 17. Rad1 Qe7 0-1

[Event "AUTO-OPEN-3658"]
[Site "http://www.queenalice.com/game.php?id=1454775"]
[Date "2016.12.14"]
[Round "2"]
[White "carloswecker"]
[Black "ratorei"]
[Result "0-1"]
[WhiteElo "1917"]
[BlackElo "2008"]

1. e4 c5 2. Nf3 Nc6 3. Nc3 d6 4. d4 cxd4 5. Nxd4 a6 6. Be2 g6 7. Be3 Bg7 8. O-O
Nf6 9. f4 O-O 10. f5 Ne5 11. fxg6 fxg6 12. Qd2 Neg4 13. Bg5 Qb6 14. h3 Ne5 15.
Kh1 Qxb2 16. Rab1 Qa3 17. h4 b5 18. h5 Bd7 19. hxg6 Nxg6 20. Nf5 Bxf5 21. Rxf5
b4 22. Bxf6 Rxf6 23. Rxf6 Bxf6 24. Qd5+ Kg7 0-1

[Event "AUTO-OPEN-3658"]
[Site "http://www.queenalice.com/game.php?id=1454776"]
[Date "2016.12.14"]
[Round "2"]
[White "ratorei"]
[Black "carloswecker"]
[Result "1-0"]
[WhiteElo "1955"]
[BlackElo "1932"]

1. Nf3 Nf6 2. g3 g6 3. Bg2 Bg7 4. d3 O-O 5. Nc3 d5 6. e3 c6 7. O-O Bd7 8. Re1
Qc8 9. Kh1 Bh3 10. Ne2 Bxg2+ 11. Kxg2 Nbd7 12. Nf4 e5 13. Nh3 Qc7 14. Qe2 Rfe8
15. e4 dxe4 16. dxe4 Rad8 17. Nd2 Nc5 18. f3 Rd7 19. Nc4 h6 20. Be3 b6 21. Nf2
Red8 22. Rad1 Ne6 23. Rxd7 1-0

[Event "AUTO-OPEN-3658"]
[Site "http://www.queenalice.com/game.php?id=1454777"]
[Date "2016.12.14"]
[Round "2"]
[White "carloswecker"]
[Black "Bruscato"]
[Result "0-1"]
[WhiteElo "2021"]
[BlackElo "2148"]

1. d4 c5 2. d5 e5 3. dxe6 fxe6 4. e4 Nc6 5. Nf3 d5 6. exd5 exd5 7. Bb5 Nf6 8.
O-O Be7 9. Ne5 Bd7 10. Nxd7 Qxd7 11. Re1 O-O 12. Bg5 Rad8 13. Qe2 Rde8 14. Nc3
d4 15. Na4 a6 16. Bc4+ Kh8 17. b3 b5 18. Be6 Qc7 19. Bxf6 Rxf6 20. Bh3 bxa4 0-1

[Event "AUTO-OPEN-3658"]
[Site "http://www.queenalice.com/game.php?id=1454778"]
[Date "2016.12.14"]
[Round "2"]
[White "Bruscato"]
[Black "carloswecker"]
[Result "1-0"]
[WhiteElo "2079"]
[BlackElo "1979"]

1. e4 e6 2. d4 d5 3. Nc3 c5 4. exd5 exd5 5. dxc5 d4 6. Nce2 Bxc5 7. Nf3 Nc6 8.
Ng3 Nf6 9. Bd3 Qe7+ 10. Ne2 O-O 11. O-O Bg4 12. Ng3 Rfe8 13. h3 Bxf3 14. Qxf3
Ne5 15. Qf5 Nxd3 16. Qxd3 Rad8 17. Bg5 Qd6 18. Rad1 Bb6 19. Nf5 Qc6 20. Rfe1
Rxe1+ 21. Rxe1 Bc5 22. Re5 1-0